书目信息 |
| 题名: |
吕思勉白话中国史
|
|
| 作者: | 吕思勉, 著 | |
| 分册: | 中古卷 | |
| 出版信息: | 杭州 浙江人民出版社 2019 |
|
| 页数: | 266页 | |
| 开本: | 21cm | |
| 丛书名: | ||
| 单 册: | ||
| 中图分类: | K209 , K234.09 | |
| 科图分类: | ||
| 主题词: | 中国历史--zhong guo li shi--通俗读物 , 古代史--gu dai shi--中国--汉代--通俗读物 , 古代史--gu dai shi--中国--唐代--通俗读物 | |
| 电子资源: | ||
| ISBN: | 978-7-213-08661-8 | |
| 000 | 01585nam0 2200337 450 | |
| 001 | CAL 012020042638 | |
| 005 | 20200529102133.6 | |
| 010 | @a978-7-213-08661-8@dCNY36.00 | |
| 099 | @aCAL 012020042638 | |
| 100 | @a20200514d2019 em y0chiy0120 ea | |
| 101 | 0 | @achi |
| 102 | @aCN@b330000 | |
| 105 | @ay z 000yy | |
| 106 | @ar | |
| 200 | 1 | @a吕思勉白话中国史@Alv si mian bai hua zhong guo shi@i中古卷@i汉唐强音@f吕思勉著 |
| 210 | @a杭州@c浙江人民出版社@d2019 | |
| 215 | @a266页@d21cm | |
| 314 | @a吕思勉 (1884-1957),中国历史学家,与陈寅恪、钱穆、陈垣并称为“史学四大家”。他毕生致力于历史研究和历史教育工作,代表作品: 《白话本国史》《先秦史》等。 | |
| 330 | @a《吕思勉白话中国史》是史学大家吕思勉先生的成名作,也是我国历史上第一部用白话文写成的通史著作。它以历史事件为经,以政治、经济、文化、民族、宗教等为纬,详细地记叙了中华五千年的朝代更替、制度沿革、风俗更易、疆域变迁等问题。鉴于之前的版本开本大,厚重不方便阅读等特点,本次出版按历史分期把内容拆分成五部分。本书是《吕思勉白话中国史》系列的第二本,主要讲中古史上自秦汉到唐朝的兴亡等历史事件。 | |
| 333 | @a中国史研究者、爱好者及相关读者。 | |
| 517 | 1 | @a中古卷@Azhong gu juan |
| 517 | 1 | @a汉唐强音@Ahan tang qiang yin |
| 606 | 0 | @a中国历史@Azhong guo li shi@j通俗读物 |
| 606 | 0 | @a古代史@Agu dai shi@y中国@z汉代@j通俗读物 |
| 606 | 0 | @a古代史@Agu dai shi@y中国@z唐代@j通俗读物 |
| 690 | @aK209@v5 | |
| 690 | @aK234.09@v5 | |
| 701 | 0 | @a吕思勉,@Alv si mian@f1884-1957@4著 |
| 801 | 0 | @aCN@b北京新华书店首都发行所有限公司@c20200514 |
| 801 | 0 | @aCN@bBJXHZP@c20230228 |
| 905 | @b1406647-50@dK209@e193@f4 | |
| 吕思勉白话中国史.中古卷.汉唐强音/吕思勉著.-杭州:浙江人民出版社,2019 |
| 266页;21cm |
| 使用对象:中国史研究者、爱好者及相关读者。 |
| ISBN 978-7-213-08661-8:CNY36.00 |
| 《吕思勉白话中国史》是史学大家吕思勉先生的成名作,也是我国历史上第一部用白话文写成的通史著作。它以历史事件为经,以政治、经济、文化、民族、宗教等为纬,详细地记叙了中华五千年的朝代更替、制度沿革、风俗更易、疆域变迁等问题。鉴于之前的版本开本大,厚重不方便阅读等特点,本次出版按历史分期把内容拆分成五部分。本书是《吕思勉白话中国史》系列的第二本,主要讲中古史上自秦汉到唐朝的兴亡等历史事件。 |
| ● |
| 相关链接 |
|
|
|
|
正题名:吕思勉白话中国史
索取号:K209/193
 
预约/预借
| 序号 | 登录号 | 条形码 | 馆藏地/架位号 | 状态 | 备注 |
| 1 | 1406647 | 214066473 | 第二样本阅览室/ [索取号:K209/193] | 在馆 | |
| 2 | 1406648 | 214066482 | 第二借阅区/ [索取号:K209/193] | 在馆 | |
| 3 | 1406649 | 214066491 | 第二借阅区/ [索取号:K209/193] | 在馆 | |
| 4 | 1406650 | 214066507 | 第二借阅区/ [索取号:K209/193] |
已借出,限还日期为2026.05.18 借出人:吕艳萍 |